000 01023nam a22002537a 4500
005 20170124102951.0
010 _a137025
020 _c2.00
035 _a137025
037 _bCen Lib/Ret
040 _aDPL
_bHN
082 _a921
_bश्रीवास्त
100 _aश्रीवास्तव, हिमांशु
_944612
245 _aप्रेमचन्द :
_cहिमांशु श्रीवास्तव
_bमित्रो में /
246 _aPremchand : mitron mein /
_bby Himanshu shrivastav
260 _aवाराणसी
_bचौधरी एंड संस
270 _bवाराणसी
300 _a128पृ.
_c18सेमी(सजिल्द)
650 _aहिंदी साहित्य
_951633
650 _aहिंदी साहित्य -- जीवनी
_951634
650 _aHindi literature
_951635
650 _aHindi literature -- Biography
_951636
942 _2ddc
_cHN
_h921
_mश्रीवास्त
999 _c113308
_d113308